000 00696 a2200217 4500
010 _aENG-85212
020 _a817596345X
_c595.00
035 _aEN-68745
037 _bD.B.Act / Pub
082 1 4 _a631.584
090 _c1697
_d1697
100 _aVeeresh, G. K.
245 1 _aOrganic farming
_cG K Veeresh
260 _aNew Delhi
_bFoundation Books
_c2006
270 _a4381/4, Ansari Road, Darya Ganj
_bNew Delhi
_cDelhi
_e110002
300 _avii, 167 p. :
_bill. ;
_c24 cm. (Hb)
500 _aIncludes bibliographical references
650 0 _aOrganic farming
942 _adpl
_cEN
_k631.584 / VEE
999 _c1667
_d1667